00926njm a22002537a 450000500170000000700150001700800410003202800220007303500130009504000120010810000210012024500880014126000290022930000930025850000170035150000270036850500650039560000220046065000450048270000100052794200120053799900170054995201060056620100917134819.0sd ammalaaahaa100913t xxu||||| |||| 00| 0 hin d a2392 933bPolydor aGR-03159 aSED/VEN aTalat Aziz91184 aA touch of Talat Aziaz /cby Talat Aziz ; lyrics by Saeed Rahih[sound recording] : aDum Dum IndiabEMIc1980 a1 sound disc [Gramophone record] :banalog, 33 1/3 rpmc12.5 in. (LP)fGramophone Record aBrief Record aRecord label :EMI, Red aSide-2 (Duniya ko kamaal bhi karke dikhaiye) (Qateel Shafai) 9199922Talat Aziz aHindi Film SongsxExcerptszIndia919603 920458 2ddccGR c46441d46441 00102ddc40718NFICaLbLd2010-09-17eSED/VENl0pGR-03159r2010-09-17 00:00:00t1w2010-09-17yGR